LEADER 00914nam0-2200277 --450 001 9910776297903321 005 20240125083227.0 100 $a20240123d1911----kmuy0itay5050 ba 101 0 $aeng 102 $aGB 105 $aa 001yy 200 1 $a<>monograph of the Mycetozoa$ea descriptive catalogue of the species in the herbarium of the British Museum$fby Arthur Lister 205 $a2. ed.$frevised by Gulielma Lister 210 $aLondon$cprinted by order of the trustees of the British Museum$d1911 215 $a302 p., <101> c. di tav.$cill. color.$d23 cm. 610 0 $aOrganismi 676 $a589$v19$zita 700 1$aLister,$bArthur$01497651 702 1$aLister,$bGulielma 801 0$aIT$bUNINA$gREICAT$2UNIMARC 901 $aBK 912 $a9910776297903321 952 $aA PAT 788$b569/2024$fFAGBC 959 $aFAGBC 996 $aMonograph of the Mycetozoa$93722871 997 $aUNINA LEADER 02672nam 2200529Ia 450 001 9910966208403321 005 20251116181230.0 035 $a(CKB)2550000001040010 035 $a(MiAaPQ)EBC3317624 035 $a(Au-PeEL)EBL3317624 035 $a(CaPaEBR)ebr10639550 035 $a(OCoLC)923188315 035 $a(EXLCZ)992550000001040010 100 $a20120802d2013 uy 0 101 0 $aeng 135 $aurcn||||||||| 181 $ctxt$2rdacontent 182 $cc$2rdamedia 183 $acr$2rdacarrier 200 10$aCreating green roadways $eintegrating cultural, natural, and visual resources into transportation /$fJames L. Sipes and Matthew L. Sipes 205 $a1st ed. 210 $aWashington, DC $cIsland Press$dc2013 215 $axiii, 281 p 311 08$a1-61091-375-2 320 $aIncludes bibliographical references and index. 327 $aIntro -- About Island Press -- Title Page -- Copyright Page -- Dedication -- Contents -- Acknowledgments -- Chapter 1. Introduction -- Chapter 2. Transportation Policies -- Chapter 3. Basic Roadway Design -- Chapter 4. Design and Planning Process for Green Roadways -- Chapter 5. Public Involvement Process -- Chapter 6. Green Roadways in Urban Areas -- Chapter 7. Green Roadways in Rural and Suburban Areas -- Chapter 8. Cultural/Historic/Visual Resources -- Chapter 9. Natural Resources/Environmental Sustainability -- Chapter 10. Constructing Green Roadways -- Chapter 11. Economics of Green Roadways -- Chapter 12. Next Steps in Creating Green Roadways -- Appendix 1: Resource Characteristics -- Selected Resources -- Index -- Board of Directors. 330 $aRoads and parking lots in the United States cover more ground than the entire state of Georgia.And while proponents of sustainable transit often focus on getting people off the roads, they will remain at the heart of our transportation systems for the foreseeable future. 606 $aRoads$xDesign and construction$xHuman factors 606 $aContext sensitive solutions (Transportation) 606 $aHighway planning 606 $aEcological landscape design 606 $aTraffic safety 615 0$aRoads$xDesign and construction$xHuman factors. 615 0$aContext sensitive solutions (Transportation) 615 0$aHighway planning. 615 0$aEcological landscape design. 615 0$aTraffic safety. 676 $a625.7028/6 700 $aSipes$b James L$01060264 701 $aSipes$b Matthew L$01857344 801 0$bMiAaPQ 801 1$bMiAaPQ 801 2$bMiAaPQ 906 $aBOOK 912 $a9910966208403321 996 $aCreating green roadways$94458133 997 $aUNINA